Score 0/30 Timer 06:00
1 Play Today
Clue Answer % Correct
A day of the week and a Daniel Defoe characterFriday
91.3%
A Dwarf planet and a Disney dogPluto
90%
An unwanted email and a (unwanted?) meat productSpam
83.8%
A dog breed and a bus companyGreyhound
80.3%
An Ancient Greek poet and a modern-day SimpsonHomer
79.5%
A Eurasian country and a southern stateGeorgia
77.7%
A presidential surname and a vacuum brandHoover
76.9%
A typical Sousa composition and a monthMarch
74.6%
A baby Dr. and a “Star Trek” Mr.Spock
73.9%
A search engine and an interjectionYahoo!
73.5%
A Stooge and a cable guyLarry
70.2%
A classical composer and a titular movie dogBeethoven
69.8%
A U.S. state and a Harrison Ford characterIndiana
69.7%
A fireplace tool and a card gamePoker
68.9%
One of the seven dwarfs and an Adam Sandler characterHappy
68.5%
Clue Answer % Correct
A Spice Girl and a spiceGinger
67.4%
An NBA team and a music genreJazz
66%
A Peanuts character and a rock festivalWoodstock
64.2%
A U.S. coin and a “Lost in Space” RobinsonPenny
62.9%
A Clue(do) surname and a fruitPlum
61.5%
A Shakespeare tragedy and a board gameOthello
55.9%
A cartoon squirrel and a Best PictureRocky
53%
A Fantastic Four member and an Addams family memberThing
49.9%
A golf shot gaffe and a J.M. Barrie captainHook
49.2%
An operatic shout of approval and a cable TV networkBravo
45.5%
A dance and a Dickens’ character surnameTwist
34.4%
An Elvis singer and a Lou actorCostello
27.7%
A one-named rock singer and a one-named pro wrestlerSting
24.2%
A presidential surname and a PBS children’s cartoonArthur
22.7%
A 1970s rock band and 2000s Best PictureChicago
9.6%
Remove Ads.
Support Sporcle.
Get the best of Sporcle when you Go Orange. This ad-free experience offers more features, more stats, and more fun while also helping to support Sporcle. Thank you for becoming a member.

You're not logged in!

Compare scores with friends on all Sporcle quizzes.
OR
Log In

Show Comments

Extras

Top Quizzes Today


Score Distribution

Your Account Isn't Verified!

In order to create a playlist on Sporcle, you need to verify the email address you used during registration. Go to your Sporcle Settings to finish the process.

Report this User

Report this user for behavior that violates our Community Guidelines.

Details: